000 00421cam a2200157ua 4500
003 OSt
008 250627b |||||||| |||| 00| 0 eng d
082 _a624.1834
_bVAZ/CO
100 _aVazirani, V.N .
_91702
245 _aConcrete Structures : text book for diploma students /
250 _a1 /
260 _aDelhi :
_bHanna Publishers ,
_c1967.
300 _a295 ; .
700 1 _aRatwani, M.M .
_91703
942 _cBK
999 _c1967
_d1967